| 000 | 00570nam a22002291 4500 | ||
|---|---|---|---|
| 001 | sa 68002100 | ||
| 003 | DLC | ||
| 005 | 20260227112439.0 | ||
| 008 | 710903s1964 pk 00000 eng | ||
| 010 | _asa 68002100 | ||
| 025 | _aPL480:EP-E-416 | ||
| 041 | 0 | _aengara | |
| 050 | 0 |
_aHX550.I8 _bS37 |
|
| 100 | 1 | 0 | _aSarker, Abdul Bari. |
| 245 | 1 | 4 | _aThe concept of Islamic socialism. |
| 250 | _a[1st ed. | ||
| 260 | 0 |
_aDacca, _c1964] |
|
| 300 |
_a139 p. _c23 cm. |
||
| 350 | _aRs3.50 | ||
| 500 | _aIncludes quotations in Arabic. | ||
| 650 | 0 | _aSocialism and Islam. | |
| 999 |
_c78458 _d78458 |
||